书目信息 |
| 题名: |
大学生就业指导手册
|
|
| 作者: | ;华中师范大学职业技能鉴定研究所求职指导组 编 | |
| 分册: | ||
| 出版信息: | 武汉 湖北人民出版社 2004.04 |
|
| 页数: | 175页 | |
| 开本: | 21cm | |
| 丛书名: | ||
| 单 册: | ||
| 中图分类: | G647.38 | |
| 科图分类: | ||
| 主题词: | 大学生--就业--基本知识 | |
| 电子资源: | ||
| ISBN: | 7-216-03930-0 | |
| 000 | 00734nam0 2200205 45 | |
| 001 | 012004000000 | |
| 005 | 20041209153936.26 | |
| 010 | @a7-216-03930-0@dCNY 20.00 | |
| 100 | @a20040910d2004 em y0chiy0121 ea | |
| 101 | 0 | @achi |
| 102 | @aCN@b420000 | |
| 105 | @aak z 000yy | |
| 200 | 1 | @a大学生就业指导手册@Ada xue sheng jiu ye zhi dao shou ce@f华中师范大学职业技能鉴定研究所求职指导组编 |
| 210 | @a武汉@c湖北人民出版社@d2004.04 | |
| 215 | @a175页@c图, 表格@d21cm | |
| 606 | 0 | @a大学生@x就业@x基本知识 |
| 690 | @aG647.38@v4 | |
| 711 | 02 | @a华中师范大学职业技能鉴定研究所求职指导组@Ahua zhong shi fan da xue zhi ye ji neng jian ding yan jiu suo qiu zhi zhi dao zu@4编 |
| 801 | 0 | @aCN@bQSSKt@c20041209 |
| 905 | @a10447@dG647.38@eH709 | |
| 大学生就业指导手册/华中师范大学职业技能鉴定研究所求职指导组编.-武汉:湖北人民出版社,2004.04 |
| 175页:图, 表格;21cm |
| ISBN 7-216-03930-0:CNY 20.00 |
| ● |
| 相关链接 |
|
|
|
正题名:大学生就业指导手册
索取号:G647.38/H709
 
预约/预借
| 序号 | 登录号 | 条形码 | 馆藏地/架位号 | 状态 | 备注 |
| 1 | 422303 | 204223036 | 社科库409/409社科库 13排3列4层/ [索取号:G647.38/H709] | 在馆 | |
| 2 | 422304 | 204223045 | 社科二线422/409社科库 13排3列4层/ [索取号:G647.38/H709] | 在馆 | |
| 3 | 422305 | 204223054 | 社科二线422/409社科库 13排3列4层/ [索取号:G647.38/H709] | 在馆 | |
| 4 | 432292 | 204322928 | 社科二线422/409社科库 13排3列4层/ [索取号:G647.38/H709] | 在馆 | |
| 5 | 432293 | 204322937 | 社科二线422/309社科库 31排2列4层/ [索取号:G647.38/H709] | 在馆 | |
| 6 | 432294 | 204322946 | 社科二线422/409社科库 13排3列4层/ [索取号:G647.38/H709] | 在馆 | |
| 7 | 432295 | 204322955 | 社科库409/409社科库 13排3列4层/ [索取号:G647.38/H709] | 在馆 |